000 00463nam a2200157Ia 4500
003 GCL
008 140319s9999 xx 000 0 ara d
040 _aGCL /
_cGCL
082 0 4 _a817
_bم ن
100 1 _aمحمد خير يوسف
245 1 0 _aنوادر الكتب غريبها وطريفها /
_cمحمد خير يوسف
300 _a247 ص
490 _aسلسلة الكتب النادرة
_v0
650 0 4 _aالنوادرالعربية
942 _2ddc
_cBK
999 _c47686
_d47686